000 00683nam a22001817a 4500
005 20251108165346.0
008 250721s1969 xx 000 0 ara d
082 1 4 _aم/013.9563/كور
100 1 _aعواد، كوركيس
245 1 0 _aمعجم المؤلفين العراقيين في القرنين التاسع عشر و العشرين /
264 1 _aبغداد :
_bمطبعة الارشاد،
_c1969.
300 _a3مج
500 _aيحتوي المجلد الثالث على مستدرك يتضمن تصويبات وزيادادات
650 1 7 _aالمؤلفون العراقيون
650 1 7 _aالببليوغرافيات
942 _2ddc
_cREF
999 _c25966
_d25966